Amanecer en la cosecha (Record no. 4807)

MARC details
000 -CABECERA
campo de control de longitud fija 02650nam a22002897a 4500
008 - DATOS DE LONGITUD FIJA--INFORMACIÓN GENERAL
campo de control de longitud fija 250702b |||||||| |||| 00| 0 eng d
020 ## - NÚMERO INTERNACIONAL ESTÁNDAR DEL LIBRO
Número Internacional Estándar del Libro 9788427248427
040 ## - FUENTE DE LA CATALOGACIÓN
Centro/agencia transcriptor tbs
041 ## - CÓDIGO DE LENGUA
Código de lengua del texto/banda sonora o título independiente spa
041 ## - CÓDIGO DE LENGUA
Código de lengua original eng
100 ## - ENTRADA PRINCIPAL--NOMBRE DE PERSONA
Nombre de persona Collins, Suzanne
9 (RLIN) 25035
Término indicativo de función/relación author
240 ## - TÍTULO UNIFORME
Título uniforme Sunrise on the reaping
Lenguaje de la obra Spanish.
245 ## - MENCIÓN DE TÍTULO
Título Amanecer en la cosecha
Resto del título / Suzanne Collins ; traducción de Pilar Ramírez Tello.
260 ## - PUBLICACIÓN, DISTRIBUCIÓN, ETC.
Lugar de publicación, distribución, etc. Barcelona :
Nombre del editor, distribuidor, etc. Molino,
Fecha de publicación, distribución, etc. 2025.
300 ## - DESCRIPCIÓN FÍSICA
Extensión 491 pages ; 21 cm.
490 ## - MENCIÓN DE SERIE
Mención de serie The Hunger Games
490 ## - MENCIÓN DE SERIE
Mención de serie Juegos del hambre
520 ## - SUMARIO, ETC.
Sumario, etc. Amanece el día de los Quincuagésimos Juegos del Hambre y el miedo atenaza a los distritos de Panem. Este año, en honor al Vasallaje de los Veinticinco, se llevarán de sus hogares al doble de tributos. En el Distrito 12, Haymitch Abernathy intenta no pensar demasiado en sus probabilidades. Lo único que le importa es que se acabe el día para poder estar con su chica. Cuando anuncian el nombre de Haymitch, todos sus sueños se rompen en pedazos. Lo separan de su familia y de su amada, y lo envían al Capitolio con los otros tres tributos del Distrito 12: una amiga que es casi como una hermana pequeña para él, un chico obsesionado con analizar apuestas y la chica más estirada de la ciudad. Cuando empiezan los Juegos, Haymitch comprende que en el Capitolio quieren que fracase. Sin embargo, algo dentro de él desea luchar... y que el eco de esa lucha llegue mucho más allá de la mortífera arena.
520 ## - SUMARIO, ETC.
Sumario, etc. The day of the Fiftieth Hunger Games dawns, and fear grips the districts of Panem. This year, in honor of the Quarter Quell, twice the usual number of tributes will be taken from their homes. In District 12, Haymitch Abernathy tries not to think too much about his odds. The only thing he cares about is getting through the day so he can be with his girl. But when Haymitch’s name is called, all his dreams shatter into pieces. He is torn from his family and the woman he loves, and sent to the Capitol with the other three tributes from District 12: a friend who’s almost like a little sister to him, a boy obsessed with analyzing bets, and the most stuck-up girl in town.<br/><br/>When the Games begin, Haymitch realizes the Capitol wants him to fail. But something inside him wants to fight... and make sure the echo of that fight reaches far beyond the deadly arena.
650 #0 - PUNTO DE ACCESO ADICIONAL DE MATERIA--TÉRMINO DE MATERIA
Término de materia o nombre geográfico como elemento de entrada Survival skills
Subdivisión de forma Fiction
9 (RLIN) 25621
650 #0 - PUNTO DE ACCESO ADICIONAL DE MATERIA--TÉRMINO DE MATERIA
Término de materia o nombre geográfico como elemento de entrada Television programs
Subdivisión de forma Fiction
9 (RLIN) 25622
650 #0 - PUNTO DE ACCESO ADICIONAL DE MATERIA--TÉRMINO DE MATERIA
Término de materia o nombre geográfico como elemento de entrada Interpersonal relations
Subdivisión de forma Fiction
9 (RLIN) 24021
650 #0 - PUNTO DE ACCESO ADICIONAL DE MATERIA--TÉRMINO DE MATERIA
Término de materia o nombre geográfico como elemento de entrada Contests
Subdivisión de forma Fiction
9 (RLIN) 25623
655 #0 - TÉRMINO DE INDIZACIÓN--GÉNERO/FORMA
Datos o término principal de género/forma Dystopian fiction
9 (RLIN) 25624
655 #0 - TÉRMINO DE INDIZACIÓN--GÉNERO/FORMA
Datos o término principal de género/forma Science fiction
9 (RLIN) 22728
942 ## - ELEMENTOS DE ENTRADA AGREGADA (KOHA)
Fuente del sistema de clasificación o colocación Clasificación de Library of Congress
Holdings
Estado de retiro Estado de pérdida Fuente del sistema de clasificación o colocación Estado dañado No para préstamo Biblioteca de origen Biblioteca actual Fecha de adquisición Total de préstamos Signatura topográfica completa Código de barras Fecha de vencimiento Fecha visto por última vez Fecha del último préstamo Número de copia Precio válido a partir de Tipo de ítem Koha
    Clasificación de Library of Congress     TBS Barcelona TBS Barcelona 02/07/2025 1 P-SP COL B07579 26/06/2026 12/05/2026 12/05/2026 1 02/07/2025 Book

Powered by Koha